<?xml version="1.0" encoding="UTF-8"?><?xml-stylesheet type="text/xsl" href="static/style.xsl"?><OAI-PMH xmlns="http://www.openarchives.org/OAI/2.0/" xmlns:xsi="http://www.w3.org/2001/XMLSchema-instance" xsi:schemaLocation="http://www.openarchives.org/OAI/2.0/ http://www.openarchives.org/OAI/2.0/OAI-PMH.xsd"><responseDate>2026-04-14T04:08:57Z</responseDate><request verb="GetRecord" identifier="oai:www.recercat.cat:2117/423230" metadataPrefix="marc">https://recercat.cat/oai/request</request><GetRecord><record><header><identifier>oai:recercat.cat:2117/423230</identifier><datestamp>2025-07-17T16:09:59Z</datestamp><setSpec>com_2072_1033</setSpec><setSpec>col_2072_452951</setSpec></header><metadata><record xmlns="http://www.loc.gov/MARC21/slim" xmlns:dcterms="http://purl.org/dc/terms/" xmlns:xsi="http://www.w3.org/2001/XMLSchema-instance" xmlns:doc="http://www.lyncode.com/xoai" xsi:schemaLocation="http://www.loc.gov/MARC21/slim http://www.loc.gov/standards/marcxml/schema/MARC21slim.xsd">
   <leader>00925njm 22002777a 4500</leader>
   <datafield ind2=" " ind1=" " tag="042">
      <subfield code="a">dc</subfield>
   </datafield>
   <datafield ind2=" " ind1=" " tag="720">
      <subfield code="a">Dabrio Ramírez, Rubén</subfield>
      <subfield code="e">author</subfield>
   </datafield>
   <datafield ind2=" " ind1=" " tag="260">
      <subfield code="c">2025-01-20</subfield>
   </datafield>
   <datafield ind2=" " ind1=" " tag="520">
      <subfield code="a">Actualment, la situació referent a la seguretat ciutadana a Catalunya és precària i ha evolucionat de manera negativa en els darrers anys. Hi ha eines que permeten monitoritzar els delictes que han passat a Catalunya però tenen les dades desactualitzades i no permeten veure amb claredat si hi ha una tendència negativa o no, per tant, aquest projecte es basa en construir una aplicació web que monitoritzi de forma interactiva els delictes a Catalunya i també en totes les altres comunitats autònomes d'Espanya. A més, l'aplicació té tres tipus de prediccions en temps real fetes amb Intel·ligència Artificial.</subfield>
   </datafield>
   <datafield ind2=" " ind1=" " tag="520">
      <subfield code="a">Currently, the situation regarding citizen security in Catalonia is precarious and has evolved negatively in recent years. There are tools that allow us to monitor the crimes that have occurred in Catalonia, but their data is outdated and do not allow us to clearly see whether there is a negative trend or not. Therefore, this project is based on building a web application that interactively monitors the crimes that have occurred in Catalonia and also in all the other autonomous communities of Spain. In addition, the application has three types of real-time predictions made with Artificial Intelligence.</subfield>
   </datafield>
   <datafield tag="653" ind2=" " ind1=" ">
      <subfield code="a">Àrees temàtiques de la UPC::Informàtica::Sistemes d'informació</subfield>
   </datafield>
   <datafield tag="653" ind2=" " ind1=" ">
      <subfield code="a">Web applications</subfield>
   </datafield>
   <datafield tag="653" ind2=" " ind1=" ">
      <subfield code="a">Public safety</subfield>
   </datafield>
   <datafield tag="653" ind2=" " ind1=" ">
      <subfield code="a">Artificial intelligence</subfield>
   </datafield>
   <datafield tag="653" ind2=" " ind1=" ">
      <subfield code="a">Aplicacions web</subfield>
   </datafield>
   <datafield tag="653" ind2=" " ind1=" ">
      <subfield code="a">Seguretat pública</subfield>
   </datafield>
   <datafield tag="653" ind2=" " ind1=" ">
      <subfield code="a">Intel·ligència artificial</subfield>
   </datafield>
   <datafield ind2="0" ind1="0" tag="245">
      <subfield code="a">Aplicación web para monitorizar la seguridad ciudadana en España</subfield>
   </datafield>
</record></metadata></record></GetRecord></OAI-PMH>